Rob pattinson trivia Quiz Stats

 Plays Quiz not verified by Sporcle

Also try: Hero By Villain
Challenge
Share
Tweet
Embed
Score 0/20 Timer 10:00
0 Plays Today
questions answers % Correct
character in twilightedward
83.3%
did he win an oscarno
83.3%
age he got his first kiss12
77.3%
age he started modeling12
77.3%
who is he 'dating'kristen stewart
75.8%
age he modeled13
71.2%
movie he died in 9-11remember me
71.2%
in what movie did he play a wizardharry potter and the goblet of fire
69.7%
when did he confront a rap trio14
54.5%
what song in twilight did he write/singnever think
40.9%
questions answers % Correct
birthdaymay 13
34.8%
dogs namepatty
28.8%
how tall is he6 foot 1
24.2%
whats his favorite sodadiet coke
21.2%
favorite fast foodin n out
19.7%
if he could change he name what would it bespunk ranson
10.6%
favorite tv showamerican idol
9.1%
age he started playing the piano3
7.6%
whats his favorite cerealcinnoman toast crunch
7.6%
first jobpaper route
6.1%

You're not logged in!

Compare scores with friends on all Sporcle quizzes.
Join for Free
OR
Log In

You Might Also Like...

Show Comments

Extras

Created Sep 4, 2010SourceReportFavoriteNominate
Tags:rob

Top Quizzes Today


Score Distribution

Your Account Isn't Verified!

In order to create a playlist on Sporcle, you need to verify the email address you used during registration. Go to your Sporcle Settings to finish the process.

Report this User

Report this user for behavior that violates our Community Guidelines.

Details: